000 01507nam0a22003011 4500
001 rc\4134756
005 20260407214441.0
021 _aRU
_b[56-47303]
035 _a(NLR Aleph) 007986563
090 _a8552653
_c8552653
100 _a20130415d1956 |||y0rusy50 ca
101 0 _arus
102 _aRU
105 _ay z |||||
200 1 _aТемник для рационализаторов и изобретателей предприятий государственного сельскохозяйственного мукомолья МППТ РСФСР
_fМ-во промышленности производств. товаров РСФСР. Техн. упр. Гл. упр. мукомольной пром-сти "Росглавмукомол"
205 _a(Переизд. с доп.)
210 _aМосква
_cБ. и.
_d1956
215 _a28 с.
_d20
300 _aВ конце текста сост.: М.А. Теленгатор
300 _a1-е изд. вышло под загл.: Тематический план для рационализаторов
517 0 _aТематический план для рационализаторов
702 1 _aТеленгатор
_bМ.А.
_4220
710 0 1 _aРСФСР
_bМинистерство промышленности продовольственных товаров
_3RU\NLR\AUTH\8810144150
_9782793
801 0 _aRU
_bNLR
_gpsbo
801 1 _aRU
_bELAR
_2rusmarc
852 _aNLR
_jТ66 Г-4/1561
942 _cBOOK
980 _aNB